| 000 | 01458cam a2200349 a 4500 | ||
|---|---|---|---|
| 999 |
_c2494 _d2494 |
||
| 001 | 2103484 | ||
| 003 | GZU | ||
| 005 | 20220609092242.0 | ||
| 008 | 960125s1995 ii b 100 0 eng | ||
| 010 | _a 95910029 | ||
| 020 | _a8120409981 | ||
| 025 | _aI-E-95910029 | ||
| 040 |
_aDLC _cDLC _dDLC |
||
| 042 | _alcode | ||
| 043 | _ad------ | ||
| 050 | 0 | 0 |
_aHN981.C6 _bGRA 1995 |
| 245 | 0 | 0 |
_aGrassroot horizons : _bconnecting participatory development initiatives, East and West / _ceditors, Richard Morse, Anisur Rahman, Kersten L. Johnson. |
| 260 |
_aNew Delhi : _bOxford & IBH Pub. Co., _cc1995. |
||
| 300 |
_axv, 377 pages. ; _c24 cm. |
||
| 504 | _aIncludes bibliographical references. | ||
| 520 | _aPapers presented at various workshops by activists and researchers on a combined group action for overcoming poverty and oppression in developing and underdeveloped countries. | ||
| 650 | 0 |
_aCommunity development _zDeveloping countries _vCongresses. |
|
| 651 | 0 |
_aDeveloping countries _xEconomic policy _xCitizen participation _vCongresses. |
|
| 651 | 0 |
_aDeveloping countries _xSocial conditions _vCongresses. |
|
| 651 | 0 |
_aDeveloping countries _xPolitics and government _vCongresses. |
|
| 700 | 1 |
_aMorse, Richard, _d1922- _eeditor |
|
| 700 | 1 |
_aRahman, Anisur. _eeditor |
|
| 700 | 1 |
_aJohnson, Kersten L. _eeditor |
|
| 906 |
_a7 _bcbc _corigode _d3 _encip _f19 _gy-gencatlg |
||
| 942 |
_2lcc _cBK _h981.C6 _iGRA _kHN |
||